Morality of Markets (Record no. 1606)

MARC details
000 -LEADER
fixed length control field 00407nam a22001697a 4500
005 - DATE AND TIME OF LATEST TRANSACTION
control field 20180226121854.0
008 - FIXED-LENGTH DATA ELEMENTS--GENERAL INFORMATION
fixed length control field 160524b xxu||||| |||| 00| 0 eng d
020 ## - INTERNATIONAL STANDARD BOOK NUMBER
ISBN 81-7188-366-4
041 ## - LANGUAGE CODE
Language code of text/sound track or separate title eng
082 ## - DEWEY DECIMAL CLASSIFICATION NUMBER
Item number 4741
Classification number 330.218
100 ## - MAIN ENTRY--AUTHOR NAME
Personal name Shah, Parth J.
245 ## - TITLE STATEMENT
Title Morality of Markets
260 ## - PUBLICATION, DISTRIBUTION, ETC. (IMPRINT)
Place of publication New Delhi
Name of publisher Academic Faundation
300 ## - PHYSICAL DESCRIPTION
Number of Pages 355
650 ## - SUBJECT ADDED ENTRY--TOPICAL TERM
Topical Term Management
942 ## - ADDED ENTRY ELEMENTS (KOHA)
Koha item type Books
Holdings
Lost status Damaged status Collection code Home library Current library Shelving location Date acquired Cost, normal purchase price Full call number Accession Number Koha item type
    MANAGEMENT JRU Library JRU Library SHELF- 66 G 24/05/2016 595.00 330.218 4741 Books
    MANAGEMENT JRU Library JRU Library SHELF- 66 G 24/05/2016 595.00 330.218 4742 Books
    Reference JRU Library   SHELF-28-D 24/05/2016 595.00 330.218 4743 Books
    MANAGEMENT JRU Library JRU Library SHELF- 66 G 24/05/2016 595.00 330.218 4744 Books